Έλεγχος της περιβαλλοντικής συνιστώσας της βενθικής μακροπανίδας στην πιθανή εξόρυξη υποθαλάσσιων αδρανών υλικών στον όρμο Αφάντου (Ρόδος)
Αποθηκεύτηκε σε:
| Κύριος συγγραφέας: | |
|---|---|
| Συγγραφή απο Οργανισμό/Αρχή: | |
| Άλλοι συγγραφείς: | , |
| Μορφή: | Thesis Βιβλίο |
| Γλώσσα: | Greek |
| Δημοσίευση: |
2014.
|
| Θέματα: | |
| Διαθέσιμο Online: | http://hdl.handle.net/11610/17333 |
| Ετικέτες: |
Προσθήκη ετικέτας
Δεν υπάρχουν, Καταχωρήστε ετικέτα πρώτοι!
|
MARC
| LEADER | 00000cam a2200000 a 4500 | ||
|---|---|---|---|
| 001 | 1/114723 | ||
| 008 | 170825s2014####gr | ||| |||| ||gre|| | ||
| 040 | |a GR-MyUa |b gre |c GR-MyUa |e AACR2 | ||
| 041 | 0 | |a gre | |
| 082 | 7 | |a 577.77 |2 (23) | |
| 100 | 1 | |a Αραμπάνου, Μαρία. | |
| 245 | 1 | 0 | |a Έλεγχος της περιβαλλοντικής συνιστώσας της βενθικής μακροπανίδας στην πιθανή εξόρυξη υποθαλάσσιων αδρανών υλικών στον όρμο Αφάντου (Ρόδος) / |c Αραμπάνου Μαρία ; επιβλέποντες καθηγητές: Δρόσος Κουτσούμπας, Θωμάς Χασιώτης. |
| 260 | |c 2014. | ||
| 300 | |a 44 σ. : |b εικ., διαγρ., πιν. ; |c 30 εκ. | ||
| 502 | |a Διατριβή (μεταπτυχιακή) - Πανεπιστήμιο Αιγαίου, Λέσβος, 2014. | ||
| 504 | |a Βιβλιογραφία: σ. 42-44. | ||
| 506 | 0 | |a Ηλεκτρονική διάθεση στο πλήρες κείμενο - ελεύθερης πρόσβασης. | |
| 650 | 0 | |a Benthos |x Research. | |
| 650 | 0 | |a Benthos |z Greece |z Rhodes (Island) | |
| 650 | 0 | |a Marine ecology |x Research. | |
| 650 | 0 | |a Marine biodiversity |x Effect of human beings on. | |
| 700 | 1 | |a Χασιώτης, Θωμάς. | |
| 700 | 1 | |a Κουτσούμπας, Δρόσος. | |
| 710 | 2 | |a Πανεπιστήμιο Αιγαίου |b Σχολή Περιβάλλοντος |b Τμήμα Επιστημών της Θάλασσας |b Πρόγραμμα Μεταπτυχιακών Σπουδών Διαχείριση Παράκτιων Περιοχών. | |
| 852 | |a INST |b LESVOS |c DIATR |e 20170825 |h 276 |p 005100059695 |q 005100059695 |t MTXE |y 23 | ||
| 856 | |u http://hdl.handle.net/11610/17333 | ||
| 924 | |a Αραμπάνου |b Μαρία |y Λέσβος |z 2015-11 | ||
| 970 | |a Πατσή |b Ανθίππη |z 25-08-2017 | ||